[Event "SVK-chT2B 1516"]
[Site "Slovakia"]
[Date "2016.01.24"]
[Round "7.3"]
[White "Cesnek, Peter"]
[Black "Okruhlica, Filip"]
[Result "1/2-1/2"]
[WhiteElo "1692"]
[BlackElo "1725"]
[PlyCount "54"]
[EventDate "2015.10.17"]
[EventType "team-tourn"]
[EventRounds "11"]
[EventCountry "SVK"]
[SourceTitle "EXT 2019"]
[Source "ChessBase"]
[SourceDate "2018.10.10"]
[SourceVersion "1"]
[SourceVersionDate "2018.10.10"]
[SourceQuality "1"]
[WhiteTeam "Povazska Bystrica SKS II"]
[BlackTeam "Topolciansky CVC"]
[WhiteTeamCountry "SVK"]
[BlackTeamCountry "SVK"]

1. e4 d5 2. exd5 Qxd5 3. Nf3 c6 4. Nc3 Qa5 5. d4 Bg4 6. Be2 e6 7. a3 Nf6 8. Bd2 Qc7 9. Ne5 Bf5 10. Bf4 Bd6 11. g4 Bg6 12. Nxg6 hxg6 13. Bxd6 Qxd6 14. h4 Nbd7 15. Qd2 Nb6 16. 0-0-0 0-0-0 17. f3 Qg3 18. g5 Nfd5 19. Ne4 Qf4 20. c3 Rxh4 21. Rhg1 Kc7 22. Rg4 Qxd2+ 23. Nxd2 Rdh8 24. Rxh4 Rxh4 25. Ne4 Nc8 26. Kd2 Nd6 27. Nxd6 Kxd6 1/2-1/2

[Event "SVK-ch U18"]
[Site "Tatralandia"]
[Date "2015.04.24"]
[Round "8"]
[White "Okruhlica, Filip"]
[Black "Hurtuk, Radovan"]
[Result "0-1"]
[WhiteElo "1699"]
[BlackElo "1941"]
[PlyCount "110"]
[EventDate "2015.04.18"]
[EventType "swiss"]
[EventRounds "9"]
[EventCountry "SVK"]
[SourceTitle "CBM 166 Extra"]
[Source "ChessBase"]
[SourceDate "2015.06.18"]
[SourceVersion "1"]
[SourceVersionDate "2015.06.18"]
[SourceQuality "1"]

1. d4 Nf6 2. Nf3 c5 3. c3 d5 4. dxc5 e6 5. b4 a5 6. Bb2 b6 7. e3 axb4 8. cxb4 bxc5 9. bxc5 Bxc5 10. Bb5+ Nbd7 11. 0-0 0-0 12. a4 Ne4 13. Nbd2 Ndf6 14. Nxe4 Nxe4 15. Nd2 Nd6 16. Qc2 Bb6 17. Ba3 Bb7 18. Qb3 f5 19. Qb4 Bc7 20. Rfc1 Bb8 21. Nf3 Rf6 22. Bb2 Rh6 23. Qd4 Qe7 24. Ba3 Qf7 25. Qb6 Qe7 26. Ne5 d4 27. Rc6 Bxc6 28. Qxc6 Ra7 29. Bc5 dxe3 30. Bxa7 Qxa7 31. Nc4 exf2+ 32. Kh1 Qc7 33. Qxc7 Bxc7 34. Nxd6 Bxd6 35. g3 Bxg3 36. Kg2 Be5 37. Rf1 Bc7 38. h3 Bb6 39. Rc1 Rg6+ 40. Kf3 Rg1 41. Bf1 Kf7 42. Rb1 Kf6 43. Ke2 Bd4 44. a5 Rg3 45. Rb4 Ke5 46. Ra4 Re3+ 47. Kd2 Re1 48. Be2 f1Q 49. Bxf1 Rxf1 50. a6 Ba7 51. Rb4 Ra1 52. Rb7 Rxa6 53. Rxg7 Ra2+ 54. Ke1 h5 55. Rh7 Bf2+ 0-1

[Event "SVK-ch U16"]
[Site "Lubovna"]
[Date "2013.04.11"]
[Round "7"]
[White "Podjavorinsky, Michal"]
[Black "Okruhlica, Filip"]
[Result "1/2-1/2"]
[WhiteElo "1754"]
[BlackElo "1552"]
[PlyCount "76"]
[EventDate "2013.04.06"]
[EventType "swiss"]
[EventRounds "9"]
[EventCountry "SVK"]
[SourceTitle "CBM 153 Extra"]
[Source "ChessBase"]
[SourceDate "2013.04.22"]
[SourceVersion "1"]
[SourceVersionDate "2013.04.22"]
[SourceQuality "1"]

1. e4 e6 2. d4 d5 3. exd5 exd5 4. Bd3 Bd6 5. Nf3 Nf6 6. Bg5 0-0 7. 0-0 c6 8. c3 Bg4 9. Nbd2 Nbd7 10. Qc2 Qc7 11. h3 Bh5 12. Rae1 Rfe8 13. Bf5 Bg6 14. Nh4 Bf4 15. Bxf4 Qxf4 16. Nxg6 fxg6 17. Be6+ Kh8 18. Bxd7 Nxd7 19. Nf3 Nf6 20. Ne5 Kg8 21. Re3 Qf5 22. Qe2 Nd7 23. Re1 Nxe5 24. Rxe5 Rxe5 25. Qxe5 Qxe5 26. Rxe5 Kf7 27. Kf1 Re8 28. f4 b5 29. Kf2 Rb8 30. a3 a5 31. b4 axb4 32. cxb4 Ra8 33. Re3 Kf6 34. g4 h6 35. h4 g5 36. Kg3 gxf4+ 37. Kxf4 g5+ 38. Kg3 Ra7 1/2-1/2

[Event "SVK-ch U16"]
[Site "Lubovna"]
[Date "2013.04.10"]
[Round "6"]
[White "Okruhlica, Filip"]
[Black "Sarocky, Lukas"]
[Result "1/2-1/2"]
[WhiteElo "1552"]
[BlackElo "1735"]
[PlyCount "41"]
[EventDate "2013.04.06"]
[EventType "swiss"]
[EventRounds "9"]
[EventCountry "SVK"]
[SourceTitle "CBM 153 Extra"]
[Source "ChessBase"]
[SourceDate "2013.04.22"]
[SourceVersion "1"]
[SourceVersionDate "2013.04.22"]
[SourceQuality "1"]

1. d4 Nf6 2. c4 g6 3. Nc3 Bg7 4. Nf3 0-0 5. e4 d6 6. Be2 Nbd7 7. Bf4 c5 8. d5 Nh5 9. Bd2 Nb6 10. h3 Re8 11. 0-0 e6 12. Bd3 exd5 13. exd5 Nf6 14. Qc1 Nfd7 15. Bf4 Ne5 16. Nxe5 dxe5 17. Bh6 Bh8 18. Ne4 Nd7 19. Nd6 Re7 20. Nf5 Re8 21. Nd6 1/2-1/2